Statistics for German Cities with Tram Systems

Click here to take the quiz!

General Stats

  • This quiz has been taken 70 times
  • The average score is 34 of 57

Answer Stats

City% Correct
Berlin
98%
StadtbahnFrankfurt am Main
94%
Frankfurt am Oder
94%
Munich
94%
Nürnberg
92%
Dresden
91%
StadtbahnDüsseldorf
89%
Leipzig
89%
StadtbahnCologne
88%
StadtbahnStuttgart
88%
StadtbahnHanover
86%
Bremen
84%
StadtbahnDortmund
83%
StadtbahnEssen
83%
Augsburg
78%
StadtbahnBonn
77%
StadtbahnDuisburg
75%
Mannheim
75%
Potsdam
72%
StadtbahnKarlsruhe
70%
Magdeburg
70%
StadtbahnBielefeld
69%
Freiburg im Breisgau
69%
Rostock
69%
Chemnitz
67%
Halle / Saale
67%
Ulm
67%
Mainz
66%
StadtbahnBochum
64%
Erfurt
64%
Kassel
64%
Jena
63%
Braunschweig
56%
StadtbahnSaarbrücken
56%
Würzburg
56%
Heidelberg
55%
StadtbahnGelsenkirchen
53%
Darmstadt
52%
Gera
50%
Schwerin
47%
Zwickau
47%
Brandenburg an der Havel
45%
Cottbus
45%
Krefeld
41%
Görlitz
38%
Ludwigshafen
38%
Gotha
36%
Mülheim an der Ruhr
27%
Plauen
22%
Naumburg
19%
Nordhausen
19%
Halberstadt
17%
Herne
14%
Bad Schandau
13%
Witten
13%
Waltershausen
5%
Hattingen
3%

Score Distribution

Percentile by Number Answered

Percent of People with Each Score

Your Score History

You have not taken this quiz